000 00282nam a2200121Ia 4500
008 190216s9999||||xx |||||||||||||| ||und||
100 _aSanu M K
245 0 _aAsthamikkatha Velicham
260 _bPoorna Pubs Kozhikode
300 _a152
650 _aJeeva Charithram
942 _cBK
999 _c25794
_d25794